00629nam a2200205Ia 4500003000400000008004100004040001600045082001700061100003200078245007700110260006500187490000500252650003000257650001500287650001900302650001500321650001900336650003200355650003600387GCL140319s9999 xx 000 0 ara d aGCL / cGCL04a320.5bع ع1 aعبدالله العروى10aالعرب والفكر التاريخى / cعبدالله العروى a[S.N] : bالمركز الثقافى العربى ، c1992 a04aالعالم العربى04aفلسفة04aالسياسة04aالعرب04aالتاريخ04aالنظم السياسية04aالمذاهب السياسية